01018nam a2200229 a 450000100100000000500170001000800410002702000180006804000250008608200150011110000450012624500700017126000370024130000320027850000470031050400280035759000260038595201280041195201130053995201190065299900170077100004776120201002060724.0150130s2018 dr ac 000 0 spa d a9789945124873 aDO-SdBNPbspacBNPHU axxxxbxxxx1 aEspín Grullón, Rafael Antonio97494110aMatemática 5 :bsecundaria /cRafael Antonio Espín Grullón. aSanto Domingo :bSusaeta,c2018. av. :bil., retrs. ;c29 cm. aEnfoque por competencias nuevo currículo aBibliografía : p. 288 aInventariado, 2018/LP 001054708DSaGRbGRcHDd2018-08-07iLF1l0oxxxx xxxxp47761-30r2020-06-25te. 3w2020-06-25yLFDSZPréstamo en sala 0010718PDaPDbPDcHDd2018-08-07iLF1l0oxxxx xxxxp47761-10r2020-06-25w2020-06-25yLFPDZNo se presta 0010718PDaPDbPDcHDd2018-08-07iLF1l0oxxxx xxxxp47761-20r2020-06-25te. 2w2020-06-25yLFPDZNo se presta c47249d47249